| 000 | 00511nam a22001577a 4500 | ||
|---|---|---|---|
| 008 | 130821s1905 sp gr spa | ||
| 040 |
_aCo-BoUCM _bspa |
||
| 041 | 0 | 0 | _aspa |
| 100 |
_aGanivet, Angel _9150269 |
||
| 245 | 0 | 0 |
_aIdearium español _cPor Angel Ganivet |
| 260 |
_aMadrid (España) _bLibrería General de Victoriano Suárez _c1905 |
||
| 300 | _a184páginas | ||
| 650 | 0 | 4 |
_aLiteratura española _97793 |
| 942 |
_cLIBRO _a18 _e1 _mG15 _n0 _2DEWEY _h868.5 |
||
| 999 |
_c87045 _d87045 |
||